000 00811nam a2200157 4500
999 _c3467
_d3467
020 _a8176113867
050 _aHD47.5
_b.A43
100 _aAgarwal, N.P.
245 _aProject appraisal /
_cAgarwal, N. P.
260 _aJaipur, India
_bRBSA Publishers
_cND
300 _a325p.
505 _aChapter 1. Introduction Chapter 2. Project Identification Chapter 3. Project Feasibility Analysis Chapter 4. Project Budgeting Methods Chapter 5. Project Financing Chapter 6. Project Planning through Network Techniques : PERT & CPM Chapter 7. Project Implementation & Control Chapter 8. Project Tracking, Control and Earned Value Reporting Chapter 9. Project Management System Chapter 10. Project Audit and Ex-post Evaluation
650 _aProject Management
700 _aMishra, B. K.
942 _cBK